[Event "ESP-ch 87th"]
[Site "Linares"]
[Date "2022.08.13"]
[Round "4"]
[White "Martinez Conde Hernandez, Carlos"]
[Black "Martinez Fernandez, Adrian"]
[Result "1-0"]
[WhiteElo "2187"]
[BlackElo "2347"]
[PlyCount "87"]
[EventDate "2022.08.11"]
[EventType "swiss"]
[EventRounds "9"]
[EventCountry "ESP"]
[SourceTitle "CBM 209 Extra"]
[Source "ChessBase"]
[SourceDate "2022.09.30"]
[SourceVersion "1"]
[SourceVersionDate "2022.09.30"]
[SourceQuality "1"]

1. e4 g6 2. d4 Bg7 3. Nc3 c6 4. h3 d5 5. Nf3 dxe4 6. Nxe4 Nf6 7. Nxf6+ exf6 8. Bc4 0-0 9. 0-0 Nd7 10. c3 Nb6 11. Bb3 a5 12. a4 Bf5 13. Bf4 Nd5 14. Bg3 Re8 15. Bc2 Be6 16. Nd2 f5 17. Qf3 Nb6 18. Rfe1 Rc8 19. Rad1 Bf8 20. b3 Bh6 21. c4 Qxd4 22. Be5 Qd8 23. Bc3 Nd7 24. Qd3 Qc7 25. Nf3 Rcd8 26. Qd4 f6 27. Qa7 Ra8 28. Qd4 Kf7 29. Qh4 Bg7 30. Qxh7 Rg8 31. Rxe6 Kxe6 32. Qxg6 Ke7 33. Bxf5 Bh8 34. Qh7+ Rg7 35. Qh4 Rd8 36. Bxd7 Rxd7 37. Bxf6+ Ke6 38. Re1+ Kf7 39. Ne5+ Kg8 40. Nxd7 Qxd7 41. Bxg7 Bxg7 42. Qg4 Qc7 43. Re8+ Kh7 44. Qf5+ 1-0

[Event "ESP-chT CECLUB Div1"]
[Site "Linares"]
[Date "2021.09.10"]
[Round "3.4"]
[White "Martinez Conde Hernandez, Carlos"]
[Black "Martin Fuentes, Alberto"]
[Result "0-1"]
[WhiteElo "2154"]
[BlackElo "2402"]
[PlyCount "46"]
[EventDate "2021.09.08"]
[EventType "team-tourn"]
[EventRounds "7"]
[EventCountry "ESP"]
[SourceTitle "CBM 204 Extra"]
[Source "ChessBase"]
[SourceDate "2021.11.30"]
[SourceVersion "1"]
[SourceVersionDate "2021.11.30"]
[SourceQuality "1"]
[WhiteTeam "Virgen de Atocha"]
[BlackTeam "Solvay"]
[WhiteTeamCountry "ESP"]
[BlackTeamCountry "ESP"]

1. e4 e6 2. d4 d5 3. e5 c5 4. c3 Qb6 5. Nf3 Nc6 6. a3 f6 7. Bd3 fxe5 8. Nxe5 Nf6 9. 0-0 Bd6 10. Nxc6 bxc6 11. b4 cxd4 12. cxd4 0-0 13. Nc3 e5 14. dxe5 Bxe5 15. Be3 Qb8 16. Qb3 Bxh2+ 17. Kh1 Qe5 18. Ne4 Nxe4 19. Bxe4 Qh5 20. Rfc1 Bf4+ 21. Kg1 Qh2+ 22. Kf1 Ba6+ 23. Ke1 Qg1+ 0-1

[Event "ESP-ch 86th"]
[Site "Linares"]
[Date "2021.08.19"]
[Round "4"]
[White "Gines Esteo, Pedro Antonio"]
[Black "Martinez Conde Hernandez, Carlos"]
[Result "1-0"]
[WhiteElo "2439"]
[BlackElo "2144"]
[PlyCount "87"]
[EventDate "2021.08.16"]
[EventType "swiss"]
[EventRounds "9"]
[EventCountry "ESP"]
[SourceTitle "CBM 204 Extra"]
[Source "ChessBase"]
[SourceDate "2021.11.30"]
[SourceVersion "1"]
[SourceVersionDate "2021.11.30"]
[SourceQuality "1"]

1. Nf3 Nf6 2. g3 g6 3. b3 Bg7 4. Bb2 0-0 5. Bg2 d6 6. d4 c5 7. c4 d5 8. 0-0 Nc6 9. dxc5 dxc4 10. Ne5 Qa5 11. Nd2 Nxe5 12. Bxe5 Qxc5 13. Nxc4 Be6 14. Qd4 Qxd4 15. Bxd4 Rfd8 16. Rad1 Bd5 17. Na5 b6 18. Nc6 Bxc6 19. Bxc6 Rac8 20. Bf3 Rc2 21. a4 Ra2 22. Be5 Rc8 23. Bb7 Rf8 24. Bf3 h5 25. h3 e6 26. e3 Rc8 27. Rc1 Rxc1 28. Rxc1 Nd5 29. Bb8 a6 30. Rc6 Rb2 31. Ba7 Rxb3 32. Bxd5 exd5 33. Bxb6 Ra3 34. a5 Bc3 35. Rc8+ Kh7 36. Rc7 Kg8 37. Ra7 Bxa5 38. Bd4 g5 39. Rxa6 Bb4 40. Rh6 f5 41. Rxh5 Be7 42. Rh8+ Kf7 43. Rh7+ Ke6 44. Rxe7+ 1-0

[Event "ESP-ch 86th"]
[Site "Linares"]
[Date "2021.08.17"]
[Round "2"]
[White "Martinez Conde Hernandez, Carlos"]
[Black "Teran Alvarez, Ismael"]
[Result "1-0"]
[WhiteElo "2144"]
[BlackElo "2381"]
[PlyCount "47"]
[EventDate "2021.08.16"]
[EventType "swiss"]
[EventRounds "9"]
[EventCountry "ESP"]
[SourceTitle "CBM 204 Extra"]
[Source "ChessBase"]
[SourceDate "2021.11.30"]
[SourceVersion "1"]
[SourceVersionDate "2021.11.30"]
[SourceQuality "1"]

1. e4 c6 2. d4 d5 3. e5 Bf5 4. Be3 e6 5. Nd2 Nd7 6. c3 Ne7 7. f4 Bg6 8. Ngf3 Nf5 9. Bf2 Be7 10. Be2 h5 11. 0-0 c5 12. c4 dxc4 13. Nxc4 Nb6 14. dxc5 Nxc4 15. Qa4+ Qd7 16. Qxd7+ Kxd7 17. Bxc4 a5 18. Bb5+ Kc7 19. Rfd1 Rhd8 20. Rd6 a4 21. Rc1 Ra5 22. Rb6 Nd4 23. Nxd4 Bxc5 24. Rd6 1-0

[Event "Madrid-ch sf"]
[Site "Madrid"]
[Date "2021.05.12"]
[Round "8"]
[White "Ortega Ruiz, Jose Miguel"]
[Black "Martinez Conde Hernandez, Carlos"]
[Result "1/2-1/2"]
[WhiteElo "2253"]
[BlackElo "2104"]
[PlyCount "75"]
[EventDate "2021.05.05"]
[EventType "swiss"]
[EventRounds "9"]
[EventCountry "ESP"]
[SourceTitle "EXT 2022"]
[Source "ChessBase"]
[SourceDate "2021.10.06"]
[SourceVersion "1"]
[SourceVersionDate "2021.10.06"]
[SourceQuality "1"]

1. e4 c5 2. Nf3 Nc6 3. d4 cxd4 4. Nxd4 g6 5. Be2 Nf6 6. Nc3 Bg7 7. Nb3 0-0 8. 0-0 d6 9. Re1 a6 10. Bf1 e6 11. Bg5 b5 12. Qd2 Ra7 13. Rad1 Rd7 14. Qf4 Nh5 15. Qd2 Nf6 16. a4 b4 17. Na2 Qb6 18. Be3 Qb8 19. Bh6 Rdd8 20. Bxg7 Kxg7 21. Nd4 Nxd4 22. Qxd4 a5 23. c4 e5 24. Qe3 Bd7 25. b3 Bc6 26. f3 Rd7 27. Rd2 Rfd8 28. Red1 Ne8 29. g3 Qa7 30. Qxa7 Rxa7 31. Bh3 Kf8 32. Nc1 Ke7 33. Nd3 Raa8 34. Kf2 f6 35. Ke3 Nc7 36. f4 Na6 37. Bg4 Nc5 38. Nxc5 1/2-1/2

[Event "Madrid-chT 2021"]
[Site "Madrid"]
[Date "2021.05.09"]
[Round "10.5"]
[White "Dominguez Alfara, Miguel"]
[Black "Martinez Conde Hernandez, Carlos"]
[Result "0-1"]
[WhiteElo "2006"]
[BlackElo "2104"]
[PlyCount "108"]
[EventDate "2021.01.23"]
[EventType "team-tourn"]
[EventRounds "14"]
[EventCountry "ESP"]
[SourceTitle "EXT 2022"]
[Source "ChessBase"]
[SourceDate "2021.10.06"]
[SourceVersion "1"]
[SourceVersionDate "2021.10.06"]
[SourceQuality "1"]
[WhiteTeam "Vallecas CDV"]
[BlackTeam "Virgen de Atocha"]
[WhiteTeamCountry "ESP"]
[BlackTeamCountry "ESP"]

1. d4 Nf6 2. Nf3 g6 3. e3 Bg7 4. Be2 0-0 5. 0-0 d6 6. c4 Nc6 7. Nc3 e5 8. d5 Ne7 9. e4 Nd7 10. Nd2 f5 11. b4 a5 12. bxa5 Rxa5 13. f3 Bh6 14. Nb3 Bxc1 15. Qxc1 Ra8 16. Qe3 f4 17. Qf2 b6 18. a4 Nc5 19. Rfb1 Nxb3 20. Rxb3 Kg7 21. Rba3 Ra5 22. Na2 Bd7 23. Nc1 Qe8 24. Bd1 Rf6 25. Qd2 g5 26. Qb4 Rh6 27. Nb3 Qh5 28. Nxa5 Qxh2+ 29. Kf2 Bh3 30. Ke2 Bxg2 31. Ke1 Qg1+ 32. Kd2 Qd4+ 33. Kc1 Rh1 34. Qd2 Bxf3 35. Qxd4 exd4 36. Rxf3 bxa5 37. Raa3 Ng6 38. Rab3 g4 39. Rf2 g3 40. Rg2 Nh4 41. Rbxg3+ fxg3 42. Rxg3+ Ng6 43. Rb3 Kf6 44. Rb7 Ke5 45. Rxc7 Kxe4 46. c5 Kxd5 47. c6 Ne5 48. Kd2 Rh2+ 49. Ke1 Rh1+ 50. Kd2 Nc4+ 51. Kc1 Ne3 52. Rc8 Rxd1+ 53. Kb2 d3 54. c7 d2 0-1

[Event "Madrid-ch sf"]
[Site "Madrid"]
[Date "2021.05.09"]
[Round "5"]
[White "Martinez Conde Hernandez, Carlos"]
[Black "Bravo De la Vega, Alvaro"]
[Result "1/2-1/2"]
[WhiteElo "2104"]
[BlackElo "1936"]
[PlyCount "103"]
[EventDate "2021.05.05"]
[EventType "swiss"]
[EventRounds "9"]
[EventCountry "ESP"]
[SourceTitle "EXT 2022"]
[Source "ChessBase"]
[SourceDate "2021.10.06"]
[SourceVersion "1"]
[SourceVersionDate "2021.10.06"]
[SourceQuality "1"]

1. e4 e5 2. Nf3 Nf6 3. Nxe5 d6 4. Nf3 Nxe4 5. d4 d5 6. Bd3 Bd6 7. 0-0 0-0 8. c4 c6 9. Qc2 Nf6 10. c5 Bc7 11. Bg5 h6 12. Bh4 Re8 13. Bg3 Bxg3 14. hxg3 Nbd7 15. Nc3 Nf8 16. Rae1 Ne6 17. Qd2 Qc7 18. Bb1 b6 19. cxb6 axb6 20. Rc1 Qd6 21. Rfe1 Bb7 22. b3 Rac8 23. Bf5 Rc7 24. Re3 Rce7 25. Rce1 Ba6 26. Rd1 Bb7 27. Na4 c5 28. Nc3 Nc7 29. Rde1 g6 30. Bd3 Kg7 31. Nb5 Nxb5 32. Bxb5 Rxe3 33. Rxe3 Rxe3 34. Qxe3 Bc6 35. Bd3 Ne4 36. Qf4 Qxf4 37. gxf4 Kf8 38. Kf1 Ke7 39. Ke2 Ke6 40. Ne1 Nf6 41. f3 Nh5 42. Ke3 cxd4+ 43. Kxd4 Nxf4 44. Bf1 Kd6 45. Ke3 Ne6 46. Nc2 Ke5 47. g3 g5 48. Nb4 Bb7 49. Nd3+ Kd6 50. Nb4 h5 51. Nc2 f5 52. f4 1/2-1/2

[Event "Madrid-ch sf"]
[Site "Madrid"]
[Date "2021.05.07"]
[Round "3"]
[White "Martinez Conde Hernandez, Carlos"]
[Black "Garcia Fernandez, Jesus"]
[Result "1/2-1/2"]
[WhiteElo "2104"]
[BlackElo "1803"]
[PlyCount "149"]
[EventDate "2021.05.05"]
[EventType "swiss"]
[EventRounds "9"]
[EventCountry "ESP"]
[SourceTitle "EXT 2022"]
[Source "ChessBase"]
[SourceDate "2021.10.06"]
[SourceVersion "1"]
[SourceVersionDate "2021.10.06"]
[SourceQuality "1"]

1. e4 c6 2. Nf3 d5 3. Nc3 Bg4 4. h3 Bxf3 5. Qxf3 e6 6. d4 dxe4 7. Qxe4 Nf6 8. Qd3 Na6 9. a3 Qa5 10. Rb1 Nd5 11. Bd2 Rd8 12. Ne2 Qc7 13. g3 Bd6 14. Bg2 0-0 15. 0-0 Rfe8 16. c4 Nf6 17. Bg5 Be7 18. Qe3 h6 19. Bf4 Bd6 20. Be5 Nd7 21. f4 Nxe5 22. fxe5 Bf8 23. c5 Qd7 24. Rf4 Nc7 25. Rbf1 Re7 26. Qf2 Nd5 27. Bxd5 cxd5 28. Nc3 Rb8 29. a4 a6 30. a5 g6 31. g4 Bg7 32. Kg2 Rf8 33. h4 Qd8 34. b4 Qd7 35. g5 h5 36. Rb1 Ra8 37. Rb2 Qe8 38. Qf1 Qd7 39. Rf3 Bf8 40. Rbf2 Bg7 41. Qb1 Bf8 42. Ra2 Qe8 43. b5 Rc7 44. Raf2 Re7 45. Ra2 Rc7 46. bxa6 bxa6 47. Rb2 Qd7 48. Rb6 Kg7 49. Qf1 Qc8 50. Rf2 Kg8 51. Rfb2 Be7 52. Kh1 Bf8 53. Qb1 Kg7 54. Kg2 Be7 55. Kf3 Qd8 56. Kf4 Qc8 57. Qd3 Bxc5 58. dxc5 Rxc5 59. Ne2 Rxa5 60. Rb7 Rc5 61. Kg3 a5 62. Qf3 Rc7 63. Qf6+ Kg8 64. R7b3 a4 65. Rf3 Raa7 66. Nf4 Rc3 67. Rbf2 Rxf3+ 68. Rxf3 a3 69. Nxg6 fxg6 70. Qxg6+ Rg7 71. Qxh5 a2 72. Ra3 a1Q 73. Rxa1 Qc3+ 74. Kg2 Qxa1 75. Qe8+ 1/2-1/2

[Event "Iberoamerican-ch 7th"]
[Site "Linares"]
[Date "2019.08.16"]
[Round "7"]
[White "Gavarrete, Nahun"]
[Black "Martinez Conde Hernandez, Carlos"]
[Result "1-0"]
[WhiteElo "2349"]
[BlackElo "2046"]
[PlyCount "57"]
[EventDate "2019.08.10"]
[EventType "swiss"]
[EventRounds "9"]
[EventCountry "ESP"]
[SourceTitle "CBM 191 Extra"]
[Source "ChessBase"]
[SourceDate "2019.09.30"]
[SourceVersion "1"]
[SourceVersionDate "2019.09.30"]
[SourceQuality "1"]

1. d4 Nf6 2. Nf3 g6 3. c4 Bg7 4. Nc3 0-0 5. e4 d6 6. Be2 e5 7. 0-0 Na6 8. dxe5 dxe5 9. Bg5 Qe8 10. Qc2 c6 11. h3 Nh5 12. Rad1 f6 13. Be3 Nf4 14. Rfe1 Nxe2+ 15. Rxe2 Qe7 16. Na4 Be6 17. Red2 c5 18. Nc3 b6 19. Qa4 Nb8 20. Nd5 Qb7 21. Qb5 Kh8 22. Bxc5 Rc8 23. Nxb6 axb6 24. Rd8+ Bf8 25. Qe8 Rxd8 26. Rxd8 Nd7 27. Rxa8 bxc5 28. Rd8 Qc7 29. Rxd7 1-0

[Event "Iberoamerican-ch 7th"]
[Site "Linares"]
[Date "2019.08.12"]
[Round "3"]
[White "Merario Alarcon, Andres"]
[Black "Martinez Conde Hernandez, Carlos"]
[Result "1/2-1/2"]
[WhiteElo "2392"]
[BlackElo "2046"]
[PlyCount "197"]
[EventDate "2019.08.10"]
[EventType "swiss"]
[EventRounds "9"]
[EventCountry "ESP"]
[SourceTitle "CBM 191 Extra"]
[Source "ChessBase"]
[SourceDate "2019.09.30"]
[SourceVersion "1"]
[SourceVersionDate "2019.09.30"]
[SourceQuality "1"]

1. d4 Nf6 2. c4 g6 3. Nc3 Bg7 4. e4 d6 5. Nf3 0-0 6. Be2 e5 7. 0-0 Na6 8. Be3 Ng4 9. Bg5 Qe8 10. h3 h6 11. Bh4 Nf6 12. Bxf6 Bxf6 13. c5 exd4 14. Nd5 Bd8 15. cxd6 c6 16. Ne7+ Bxe7 17. dxe7 Qxe7 18. Bxa6 bxa6 19. Qxd4 c5 20. Qe3 Kh7 21. Rac1 Rb8 22. b3 Rb5 23. Nd2 Rd8 24. Rc2 Rd4 25. Rfc1 Qd8 26. Qf4 Be6 27. Kh2 g5 28. Qe3 Rbb4 29. Nf3 Rxe4 30. Qxc5 Qb8+ 31. Kg1 Rf4 32. Nd2 Rf5 33. Qe3 Re5 34. Qc3 Rf4 35. Nf3 Rb5 36. Nd4 Rb6 37. Qd3+ Kg7 38. Rc7 Rf6 39. Qc3 Rd6 40. Ne2 Qb6 41. Ng3 Qxf2+ 42. Kh2 Kg6 43. Rf1 Qxf1 44. Nxf1 Rxf1 45. Qc2+ Bf5 46. Qc4 Bd3 47. Qc5 Rdf6 48. Qe3 Bf5 49. Qe8 Be6 50. Qg8+ Kh5 51. Rc2 R1f2 52. Qd8 Rxc2 53. Qd1+ Kg6 54. Qxc2+ Bf5 55. Qc4 h5 56. h4 gxh4 57. Qxh4 Bg4 58. Qe1 Re6 59. Qb1+ Bf5 60. Qf1 Bg4 61. Qd3+ Bf5 62. Qc4 Rd6 63. Qf4 Rd3 64. Qf2 Rd7 65. Qc5 f6 66. Qc6 Rd2 67. a4 h4 68. Kg1 Rd1+ 69. Kf2 Rd2+ 70. Ke1 Rc2 71. Qb7 a5 72. Qd5 Kg5 73. Kf1 Rc1+ 74. Kf2 Rc2+ 75. Kg1 Rc1+ 76. Kh2 Rc2 77. Kg1 Rc1+ 78. Kf2 Rc2+ 79. Ke1 Rc1+ 80. Kd2 Rc2+ 81. Kd1 Ra2 82. Qb7 Rb2 83. Ke1 Rc2 84. Kf1 Rc1+ 85. Kf2 Rc2+ 86. Ke3 Rc3+ 87. Kf2 Rc2+ 88. Kg1 Rc1+ 89. Kh2 Rc2 90. Qg7+ Kf4 91. Qh6+ Kg4 92. Kg1 Be4 93. Qg7+ Kf5 94. Qh7+ Ke5 95. Qxh4 Rxg2+ 96. Kf1 Rb2 97. Qh5+ Bf5 98. Qe8+ Kf4 99. Qb8+ 1/2-1/2

[Event "Iberoamerican-ch 7th"]
[Site "Linares"]
[Date "2019.08.10"]
[Round "1"]
[White "Cori Tello, Deysi Estella"]
[Black "Martinez Conde Hernandez, Carlos"]
[Result "1-0"]
[WhiteElo "2400"]
[BlackElo "2046"]
[PlyCount "81"]
[EventDate "2019.08.10"]
[EventType "swiss"]
[EventRounds "9"]
[EventCountry "ESP"]
[SourceTitle "CBM 191 Extra"]
[Source "ChessBase"]
[SourceDate "2019.09.30"]
[SourceVersion "1"]
[SourceVersionDate "2019.09.30"]
[SourceQuality "1"]

1. d4 Nf6 2. Nf3 g6 3. g3 Bg7 4. Bg2 0-0 5. 0-0 d6 6. b3 e5 7. dxe5 dxe5 8. Bb2 Qxd1 9. Rxd1 Nc6 10. Nxe5 Ng4 11. Nc4 Nce5 12. Nba3 Rb8 13. Bd4 b6 14. Nxe5 Nxe5 15. f4 Ng4 16. Nb5 Bxd4+ 17. Rxd4 c5 18. Rd3 Ba6 19. a4 Rbd8 20. Rad1 Rxd3 21. Rxd3 Re8 22. e4 Bxb5 23. axb5 Re7 24. e5 Kg7 25. Bf3 Nh6 26. g4 Ng8 27. g5 h6 28. h4 hxg5 29. hxg5 Rc7 30. c4 Ne7 31. Bg4 Kf8 32. Rd8+ Kg7 33. Kf2 Rb7 34. Kf3 Rc7 35. Ke4 Rb7 36. Ra8 Ng8 37. Kd5 Ne7+ 38. Kd6 Nf5+ 39. Bxf5 gxf5 40. Re8 Kg6 41. Kc6 1-0

[Event "ESP-ch U18"]
[Site "Salobrena"]
[Date "2019.07.27"]
[Round "9"]
[White "Masague Artero, Guerau"]
[Black "Martinez Conde Hernandez, Carlos"]
[Result "1/2-1/2"]
[WhiteElo "2179"]
[BlackElo "2085"]
[PlyCount "83"]
[EventDate "2019.07.22"]
[EventType "swiss"]
[EventRounds "9"]
[EventCountry "ESP"]
[SourceTitle "CBM 191 Extra"]
[Source "ChessBase"]
[SourceDate "2019.09.30"]
[SourceVersion "1"]
[SourceVersionDate "2019.09.30"]
[SourceQuality "1"]

1. d4 Nf6 2. c4 g6 3. Nc3 Bg7 4. e4 d6 5. Nf3 0-0 6. Be2 e5 7. 0-0 Na6 8. Be3 Ng4 9. Bg5 Qe8 10. dxe5 dxe5 11. h3 h6 12. Bd2 Nf6 13. Be3 Qe7 14. a3 c6 15. b4 Nh5 16. Qa4 Re8 17. c5 Nc7 18. Rfd1 Nf4 19. Bc4 Be6 20. b5 Qf6 21. Kh2 cxb5 22. Nxb5 Nxb5 23. Qxb5 a6 24. Qb3 Bf8 25. Bxe6 Nxe6 26. Rd5 Nd4 27. Bxd4 exd4 28. Re1 Rac8 29. e5 Qf4+ 30. g3 Qf5 31. e6 Qf6 32. Rde5 Kg7 33. Qxb7 Rxc5 34. e7 Rxe5 35. exf8Q+ Kxf8 36. Rxe5 Rxe5 37. Nxe5 Qxe5 38. Qxa6 Qe4 39. Qc8+ Kg7 40. Qc4 Qe5 41. Kg2 Qd6 42. Qd3 1/2-1/2

[Event "ESP-ch U18"]
[Site "Salobrena"]
[Date "2019.07.24"]
[Round "5"]
[White "Martinez Conde Hernandez, Carlos"]
[Black "Castillo Dalmau, Albert"]
[Result "1/2-1/2"]
[WhiteElo "2085"]
[BlackElo "2252"]
[PlyCount "130"]
[EventDate "2019.07.22"]
[EventType "swiss"]
[EventRounds "9"]
[EventCountry "ESP"]
[SourceTitle "CBM 191 Extra"]
[Source "ChessBase"]
[SourceDate "2019.09.30"]
[SourceVersion "1"]
[SourceVersionDate "2019.09.30"]
[SourceQuality "1"]

1. e4 c5 2. Nf3 e6 3. d4 cxd4 4. Nxd4 Nc6 5. Nc3 Qc7 6. Be2 a6 7. 0-0 Nf6 8. Be3 Be7 9. f4 d6 10. Qe1 0-0 11. Rd1 Nxd4 12. Bxd4 e5 13. fxe5 dxe5 14. Qg3 Bc5 15. Bxc5 Qxc5+ 16. Kh1 Qe7 17. Nd5 Nxd5 18. Rxd5 f6 19. Bg4 Bxg4 20. Qxg4 Rad8 21. Rfd1 Rxd5 22. Rxd5 Rd8 23. h3 Rxd5 24. exd5 g6 25. c4 f5 26. Qd1 Qd6 27. c5 Qxc5 28. d6 Qc8 29. d7 Qd8 30. Qd5+ Kf8 31. Qxe5 Qxd7 32. Qh8+ Ke7 33. Qxh7+ Ke6 34. Qxg6+ Ke5 35. Kh2 Ke4 36. h4 Qc7+ 37. Kh3 Qc1 38. Qe6+ Kd4 39. Qd6+ Ke4 40. Qe6+ Kd4 41. Qxf5 Qh1+ 42. Kg3 Ke3 43. Qf2+ Kd3 44. Kg4 b5 45. h5 a5 46. Qf5+ Kd2 47. Qd5+ Kc2 48. Qc6+ Kb1 49. h6 b4 50. Qg6+ Kxb2 51. Kg3 Kxa2 52. h7 b3 53. Qg8 a4 54. h8Q Qxh8 55. Qxh8 b2 56. Qg8+ Ka3 57. Qb8 Ka2 58. Qg8+ Ka3 59. Qf8+ Ka2 60. Qf7+ Ka3 61. Qe7+ Ka2 62. Qe6+ Ka3 63. Qd6+ Ka2 64. Qd5+ Ka1 65. Qa8 Ka2 1/2-1/2

[Event "Ciudad Real-ch Men and Seniors"]
[Site "Ciudad Real"]
[Date "2019.07.05"]
[Round "3.3"]
[White "Alvarez Serrano, Carlos"]
[Black "Martinez Conde Hernandez, Carlos"]
[Result "1-0"]
[WhiteElo "2238"]
[BlackElo "2085"]
[PlyCount "55"]
[EventDate "2019.07.04"]
[EventType "swiss"]
[EventRounds "7"]
[EventCountry "ESP"]
[SourceTitle "EXT 2024"]
[Source "ChessBase"]
[SourceDate "2023.10.10"]
[SourceVersion "1"]
[SourceVersionDate "2023.10.10"]
[SourceQuality "1"]

1. d4 Nf6 2. Bf4 g6 3. Nc3 d5 4. Nf3 Bg7 5. e3 0-0 6. h3 a6 7. Be2 b6 8. Ne5 Bb7 9. 0-0 Nbd7 10. Bf3 Rc8 11. Ne2 Ne4 12. Nxd7 Qxd7 13. Nc1 Nd6 14. Nd3 f6 15. Bxd6 cxd6 16. Nf4 e6 17. c3 Rb8 18. Qb3 Bc8 19. Nxe6 Re8 20. Nxg7 Kxg7 21. Bxd5 Qf5 22. Bf3 Be6 23. Qa3 Bc4 24. Rfc1 d5 25. b3 Bd3 26. c4 dxc4 27. bxc4 Qg5 28. Qxd3 1-0

[Event "Valdepenas U2200 and U20 op 1st"]
[Site "Valdepenas"]
[Date "2017.04.08"]
[Round "4"]
[White "Martinez Conde Hernandez, Carlos"]
[Black "Moreno Valero, Raul"]
[Result "0-1"]
[WhiteElo "1727"]
[BlackElo "1688"]
[PlyCount "54"]
[EventDate "2017.04.07"]
[EventType "swiss"]
[EventRounds "7"]
[EventCountry "ESP"]
[SourceTitle "EXT 2024"]
[Source "ChessBase"]
[SourceDate "2023.10.10"]
[SourceVersion "1"]
[SourceVersionDate "2023.10.10"]
[SourceQuality "1"]

1. e4 c5 2. Nf3 d6 3. d4 cxd4 4. Nxd4 Nf6 5. Nc3 g6 6. Bc4 Bg7 7. h3 Nc6 8. Be3 Bd7 9. 0-0 0-0 10. Bb3 Rc8 11. Qd2 Ne5 12. Bh6 Nc4 13. Bxc4 Rxc4 14. Bxg7 Kxg7 15. Rfe1 Qb6 16. Nb3 Rfc8 17. Rac1 a5 18. e5 dxe5 19. Nd5 Nxd5 20. Qxd5 Rxc2 21. Qxe5+ Qf6 22. Qxf6+ Kxf6 23. Rxc2 Rxc2 24. Nxa5 Rxb2 25. Rc1 Be6 26. a3 Rb5 27. Nc4 Rc5 0-1